Country Parks in Hong Kong 香港郊野公園 - Statistics

General Stats
  • This quiz has been taken 130 times
    33 since last reset
  • The average score is 9 of 21
Answer Stats
郊野公園 Country Park % Correct
大帽山 Tai Mo Shan
71%
獅子山 Lion Rock
67%
馬鞍山 Ma On Shan
58%
西貢東 Sai Kung East
58%
大欖 Tai Lam
58%
南大嶼 Lantau South
54%
西貢西 Sai Kung West
54%
北大嶼 Lantau North
50%
石澳 Shek O
50%
大潭 Tai Tam
50%
龍虎山 Lung Fu Shan
46%
城門 Shing Mun
46%
香港仔 Aberdeen
42%
金山 Kam Shan
42%
八仙嶺 Pat Sin Leng
33%
薄扶林 Pok Fu Lam
33%
林村 Lam Tsuen
29%
清水灣 Clear Water Bay
25%
船灣 Plover Cove
21%
紅花嶺 Robin's Nest
21%
橋咀 Kiu Tsui
13%
No matching quizzes found
Score Distribution
Percent of People with Each Score
Percentile by Number Answered
Your Score History
You have not taken this quiz since the last reset